000 01657nam0a22003611 4500
001 rc\2191053
005 20250623085414.0
035 _a(NLR Aleph) 006692621
090 _a5161422
_c5161422
100 _a20110829d1978 |||y0rusy50 ca
101 1 _arus
_ceng
102 _aRU
105 _aa z |||||
200 1 _aОбщая теория систем: математические основы
_fМ. Месарович, Я. Такахара
_gПер. с англ. Э.Л. Наппельбаума
_gПод ред. С.В. Емельянова
210 _aМосква
_cМир
_d1978
215 _a311 с.
_cил.
_d22
311 _aПеревод изд.: General systems theory: mathematical foundations / M.D. Mesarovic and Yasuhiko Takahara. C Acad. press, 1975
320 _aСписок лит.: с. 288-289 (41 назв.)
320 _aПредм. указ.: с. 305-308
454 0 _12001#$aGeneral systems theory: mathematical foundations$fM.D. Mesarovic and Yasuhiko Takahara
_1700#1$aMesarovic$bM.D.
_1701#0$aYasuhiko Takahara
_tGeneral systems theory: mathematical foundations
_aMesarovic, M.D.
606 _aСложные системы
_xМатематические исследования
_2psbo
700 1 _aМесарович
_bМ.Д.
_f1928-
_gМихайло Д.
701 0 _aЯсюхико Такахара
702 1 _aНаппельбаум
_bЭ.Л.
_4730
702 1 _aЕмельянов
_bС.В.
_4340
801 0 _aRU
_bNLR
_gpsbo
801 1 _aRU
_bELAR
_2rusmarc
852 _aNLR
_j78-5/725
899 _aRuMoRGB
_jФ 1-79/11133
899 _aRuMoRGB
_jБ 78-7/3
899 _aRuMoRGB
_jБ 78-7/4
942 _cBOOK
980 _aNB